[Event "Varazdinske Toplice op"]
[Site "Varazdinske Toplice"]
[Date "2022.12.26"]
[Round "6"]
[White "Marjanovic, Gyorgy"]
[Black "Mitrovic, Boris"]
[Result "1/2-1/2"]
[WhiteElo "1983"]
[BlackElo "2082"]
[PlyCount "122"]
[EventDate "2022.12.26"]
[EventType "swiss"]
[EventRounds "9"]
[EventCountry "CRO"]
[SourceTitle "CBM 211 Extra"]
[Source "ChessBase"]
[SourceDate "2023.01.31"]
[SourceVersion "1"]
[SourceVersionDate "2023.01.31"]
[SourceQuality "1"]

1. e4 Nf6 2. e5 Nd5 3. d4 d6 4. c4 Nb6 5. exd6 exd6 6. Nc3 Be7 7. Bd3 0-0 8. Nge2 Be6 9. b3 Re8 10. 0-0 Bf6 11. Be3 g6 12. Qd2 Qd7 13. d5 Bf5 14. Qc2 Bxd3 15. Qxd3 Na6 16. Bd4 Bxd4 17. Qxd4 f5 18. Nf4 Qg7 19. Qxg7+ Kxg7 20. Rfe1 Kf6 21. Kf1 c6 22. Rxe8 Rxe8 23. Re1 Rxe1+ 24. Kxe1 Ke5 25. Nfe2 cxd5 26. f4+ Ke6 27. Nd4+ Kd7 28. cxd5 Nc7 29. Ndb5 Nbxd5 30. Nxd5 Nxd5 31. Nxa7 Nxf4 32. g3 Nd3+ 33. Kd2 Nb4 34. a4 Nc6 35. Nb5 Ne5 36. h4 h6 37. Nd4 Nc6 38. Nf3 Ke6 39. Kc3 Kf6 40. b4 g5 41. b5 Ne7 42. a5 f4 43. hxg5+ hxg5 44. gxf4 g4 45. Nh4 Nd5+ 46. Kd4 Nc7 47. Kc4 g3 48. b6 Na6 49. Kd5 Ke7 50. Nf5+ Kd7 51. Nxg3 Nb4+ 52. Kc4 Nc6 53. Kb5 Nd4+ 54. Kc4 Nc6 55. Kb5 Nd4+ 56. Kc4 Ne6 57. Kb5 Nxf4 58. a6 bxa6+ 59. Kxa6 Ne6 60. b7 Nc5+ 61. Ka7 Nxb7 1/2-1/2

[Event "SLO-chT1 East"]
[Site "Slovenia"]
[Date "2015.10.16"]
[Round "1"]
[White "Horvath, Tamas"]
[Black "Mitrovic, Boris"]
[Result "1-0"]
[WhiteElo "2358"]
[BlackElo "2186"]
[PlyCount "55"]
[EventDate "2015.10.16"]
[EventType "team-tourn"]
[EventRounds "9"]
[EventCountry "SLO"]
[SourceTitle "EXT 2019"]
[Source "ChessBase"]
[SourceDate "2018.10.10"]
[SourceVersion "1"]
[SourceVersionDate "2018.10.10"]
[SourceQuality "1"]
[WhiteTeam "Rokada Lendava"]
[BlackTeam "Milan Majcen Sevnica"]
[WhiteTeamCountry "SLO"]
[BlackTeamCountry "SLO"]

1. e4 c5 2. Nf3 d6 3. d4 Nf6 4. Nc3 cxd4 5. Nxd4 a6 6. Be3 Ng4 7. Bg5 h6 8. Bc1 Nf6 9. Bc4 Nbd7 10. 0-0 Nc5 11. Re1 b5 12. Bd5 Bb7 13. b4 Bxd5 14. exd5 Ncd7 15. a4 Qc7 16. Bb2 bxa4 17. Nxa4 Qc4 18. Nf5 Qf4 19. Bxf6 Nxf6 20. Ne3 Qxb4 21. c3 Qa5 22. Nc4 Qc7 23. Nab6 Ra7 24. Nc8 Kd8 25. Nxa7 Qxc4 26. Nc6+ Kd7 27. Nb4 Qxc3 28. Qa4+ 1-0

[Event "SLO-chT1 East"]
[Site "Celje"]
[Date "2014.10.18"]
[Round "8"]
[White "Mitrovic, Boris"]
[Black "Zelcic, Robert"]
[Result "0-1"]
[WhiteElo "2163"]
[BlackElo "2548"]
[PlyCount "58"]
[EventDate "2014.10.09"]
[EventType "team-tourn"]
[EventRounds "9"]
[EventCountry "SLO"]
[SourceTitle "EXT 2019"]
[Source "ChessBase"]
[SourceDate "2018.10.10"]
[SourceVersion "1"]
[SourceVersionDate "2018.10.10"]
[SourceQuality "1"]
[WhiteTeam "Milan Majcen Sevnica"]
[BlackTeam "Sentjur"]
[WhiteTeamCountry "SLO"]
[BlackTeamCountry "SLO"]

1. f4 d5 2. Nf3 Bg4 3. e3 Nd7 4. h3 Bxf3 5. Qxf3 e5 6. Qxd5 Qh4+ 7. Kd1 0-0-0 8. Qf3 f5 9. fxe5 g6 10. Qf4 Qe7 11. d4 Bh6 12. Qf2 Nxe5 13. Bd2 Nf7 14. Bd3 Nf6 15. Re1 Kb8 16. Na3 Rhe8 17. c3 Ne4 18. Qf3 Nfd6 19. Nc4 Nxc4 20. Bxc4 c5 21. Bc1 cxd4 22. exd4 Bxc1 23. Rxc1 Rc8 24. Qf4+ Ka8 25. Be2 Qd7 26. Rc2 Qe6 27. c4 Qb6 28. d5 Nf2+ 29. Kc1 Rxe2 0-1

[Event "SLO-chT2 East"]
[Site "Brezice Maribor"]
[Date "2012.10.20"]
[Round "5"]
[White "Mitrovic, Boris"]
[Black "Rogic, Davor"]
[Result "0-1"]
[WhiteElo "2135"]
[BlackElo "2578"]
[PlyCount "76"]
[EventDate "2012.09.08"]
[EventType "team-tourn"]
[EventRounds "9"]
[EventCountry "SLO"]
[SourceTitle "EXT 2022"]
[Source "ChessBase"]
[SourceDate "2021.10.06"]
[SourceVersion "1"]
[SourceVersionDate "2021.10.06"]
[SourceQuality "1"]

1. c4 e5 2. Nc3 Nf6 3. Nf3 Nc6 4. d4 exd4 5. Nxd4 Ne5 6. e4 d6 7. Be2 g6 8. Bg5 Bg7 9. Nd5 c6 10. Nxf6+ Bxf6 11. Bxf6 Qxf6 12. Qd2 0-0 13. 0-0 Re8 14. Rad1 Nd7 15. f3 a5 16. b3 a4 17. b4 a3 18. Rb1 Qe5 19. Rfd1 Nb6 20. Rb3 Bd7 21. c5 dxc5 22. bxc5 Na4 23. Rxb7 Nxc5 24. Rb6 Na4 25. Rb7 Red8 26. Qc1 c5 27. Nc2 Nc3 28. Re1 Be6 29. f4 Qxe4 30. Bf3 Qc4 31. Nxa3 Qd4+ 32. Kh1 Nxa2 33. Qe3 Qxe3 34. Rxe3 Nb4 35. h3 Nd3 36. f5 Rxa3 37. Rxd3 Raxd3 38. fxe6 fxe6 0-1

[Event "SLO-chT2 East"]
[Site "Brezice Maribor"]
[Date "2012.10.06"]
[Round "3"]
[White "Florjancic, Rudolf"]
[Black "Mitrovic, Boris"]
[Result "1/2-1/2"]
[WhiteElo "1922"]
[BlackElo "2135"]
[PlyCount "99"]
[EventDate "2012.09.08"]
[EventType "team-tourn"]
[EventRounds "9"]
[EventCountry "SLO"]
[SourceTitle "EXT 2022"]
[Source "ChessBase"]
[SourceDate "2021.10.06"]
[SourceVersion "1"]
[SourceVersionDate "2021.10.06"]
[SourceQuality "1"]

1. e4 Nf6 2. Nc3 d5 3. exd5 Nxd5 4. Nge2 e6 5. g3 Be7 6. Bg2 0-0 7. 0-0 c6 8. d4 b6 9. Ne4 Bb7 10. c4 Nf6 11. N2c3 Nbd7 12. Bf4 Nxe4 13. Nxe4 Nf6 14. a3 Qd7 15. Qd2 Nxe4 16. Bxe4 f5 17. Bg2 Bf6 18. Rfd1 Rad8 19. Qe2 Ba6 20. Rac1 Bxd4 21. b4 h6 22. Be5 c5 23. b5 Bc8 24. a4 Qe7 25. Bxd4 Rxd4 26. Rxd4 cxd4 27. c5 bxc5 28. Qe5 Rd8 29. Rxc5 d3 30. Bf3 d2 31. Bd1 Bb7 32. a5 Rd5 33. Rxd5 Bxd5 34. b6 axb6 35. axb6 Qb4 36. Qe3 Kf7 37. f3 Ke7 38. Kf2 Kd7 39. Ke2 Bc4+ 40. Kf2 Kc6 41. Qd4 Qxb6 42. Qxb6+ Kxb6 43. Ke3 Kc5 44. Kxd2 Kd4 45. Ba4 g5 46. Bd7 f4 47. gxf4 gxf4 48. Be8 e5 49. Bg6 Bd5 50. Ke2 1/2-1/2

[Event "SLO-chT2 Ost"]
[Site "Slovenia"]
[Date "2010.09.25"]
[Round "5"]
[White "Mitrovic, Boris"]
[Black "Bohak, Janko"]
[Result "1-0"]
[WhiteElo "2005"]
[BlackElo "2116"]
[PlyCount "93"]
[EventDate "2010.05.29"]
[EventType "team-tourn"]
[EventRounds "9"]
[EventCountry "SLO"]
[SourceTitle "EXT 2022"]
[Source "ChessBase"]
[SourceDate "2021.10.06"]
[SourceVersion "1"]
[SourceVersionDate "2021.10.06"]
[SourceQuality "1"]

1. b3 e5 2. Bb2 Nc6 3. e3 Nf6 4. c4 Be7 5. Nf3 d6 6. d4 exd4 7. Nxd4 Nxd4 8. Bxd4 Bf5 9. Bd3 Bxd3 10. Qxd3 d5 11. 0-0 dxc4 12. Qxc4 0-0 13. Nc3 c6 14. Rfd1 Qa5 15. b4 Qxb4 16. Qxb4 Bxb4 17. Bxf6 gxf6 18. Ne4 Kg7 19. Rdb1 f5 20. Rxb4 fxe4 21. Rxb7 Rfd8 22. Re7 Re8 23. Rxe8 Rxe8 24. Rc1 Rb8 25. g4 Rb6 26. Rc4 h5 27. Rxe4 hxg4 28. Rxg4+ Kf6 29. Ra4 Rb7 30. Kf1 Ke5 31. Ke2 f5 32. Kd3 Kd5 33. h4 c5 34. h5 Rh7 35. Rh4 Rh6 36. f3 a5 37. a4 c4+ 38. Kc3 Kc5 39. Rxc4+ Kd5 40. Rh4 Rc6+ 41. Kd3 Rh6 42. e4+ fxe4+ 43. fxe4+ Ke5 44. Ke3 Rb6 45. h6 Rb3+ 46. Ke2 Rb8 47. h7 1-0

[Event "SLO-chT U20"]
[Site "Rogaska Slatina"]
[Date "2010.08.21"]
[Round "1"]
[White "Markoja, Sebastijan"]
[Black "Mitrovic, Boris"]
[Result "0-1"]
[WhiteElo "1931"]
[BlackElo "2165"]
[PlyCount "174"]
[EventDate "2010.08.21"]
[EventType "team-tourn"]
[EventRounds "9"]
[EventCountry "SLO"]
[SourceTitle "EXT 2022"]
[Source "ChessBase"]
[SourceDate "2021.10.06"]
[SourceVersion "1"]
[SourceVersionDate "2021.10.06"]
[SourceQuality "1"]

1. e4 c5 2. Nf3 d6 3. d4 Nf6 4. Nc3 cxd4 5. Nxd4 a6 6. Bg5 e6 7. f4 Qb6 8. Nb3 Nbd7 9. Qf3 Qc7 10. a4 Be7 11. Bd3 h6 12. Bh4 Nxe4 13. Bxe7 Nxc3 14. Bxd6 Qxd6 15. bxc3 Nc5 16. 0-0 Bd7 17. Kh1 Bc6 18. Qg3 0-0 19. Rad1 Nxd3 20. Rxd3 Qc7 21. Rd4 Rad8 22. a5 Rd5 23. Rfd1 Rc8 24. c4 Rxd4 25. Rxd4 Rd8 26. Qd3 Rxd4 27. Qxd4 Ba4 28. c5 Bxb3 29. cxb3 Qxa5 30. h3 Qb5 31. b4 Qc6 32. Qd8+ Kh7 33. Qd3+ g6 34. Qd4 Qd5 35. Qf6 Kg8 36. Kh2 Qd2 37. Qe5 Qxb4 38. Qb8+ Kg7 39. c6 b5 40. Qe5+ Kg8 41. c7 Qc4 42. f5 Qc6 43. fxe6 fxe6 44. Qf4 a5 45. Kh1 g5 46. Qe5 a4 47. Qxb5 Qc1+ 48. Kh2 Qxc7+ 49. Kh1 Qc1+ 50. Kh2 Qf4+ 51. Kh1 e5 52. Qe8+ Kg7 53. Qe7+ Kg6 54. Qe8+ Kf6 55. Qf8+ Ke6 56. Qc8+ Kd6 57. Qa6+ Kd5 58. Qb5+ Ke6 59. Qc6+ Kf7 60. Qd7+ Kg6 61. Qe8+ Qf7 62. Qc6+ Kh5 63. Qc2 Qf1+ 64. Kh2 a3 65. Qa2 Qf4+ 66. g3 Qf3 67. Qd2 Kg6 68. Qd6+ Kf5 69. Qf8+ Ke4 70. Qb4+ Ke3 71. Qxa3+ Kf2 72. Qa7+ Qe3 73. Qf7+ Ke1 74. Kg2 Qe2+ 75. Kg1 e4 76. Qf6 e3 77. Qa1+ Qd1 78. Qc3+ Ke2+ 79. Kh2 Qd2 80. Qf6 Kd1+ 81. Kg1 e2 82. Qf3 Qd4+ 83. Kh2 Kd2 84. Qg2 h5 85. Kh1 g4 86. hxg4 hxg4 87. Qf2 Qe3 0-1

[Event "SLO-ch U20"]
[Site "Pohorje"]
[Date "2010.06.28"]
[Round "5"]
[White "Gantar, Jan"]
[Black "Mitrovic, Boris"]
[Result "1/2-1/2"]
[WhiteElo "2098"]
[BlackElo "2165"]
[PlyCount "106"]
[EventDate "2010.06.25"]
[EventType "swiss"]
[EventRounds "7"]
[EventCountry "SLO"]
[SourceTitle "CBM 137 Extra"]
[Source "ChessBase"]
[SourceDate "2010.09.01"]
[SourceVersion "1"]
[SourceVersionDate "2010.09.01"]
[SourceQuality "1"]

1. e4 c5 2. Nf3 Nc6 3. d4 cxd4 4. Nxd4 g6 5. Nc3 Bg7 6. Nde2 a6 7. a4 Nf6 8. g3 d5 9. exd5 Nb4 10. Bg2 Bf5 11. Nd4 Bg4 12. f3 Bc8 13. 0-0 0-0 14. Be3 Nfxd5 15. Nxd5 Nxd5 16. Bf2 Qc7 17. Qe2 e5 18. Nb3 Bf5 19. Bc5 Rfd8 20. a5 Bf8 21. Bxf8 Kxf8 22. c3 Ne7 23. Rfe1 Be6 24. Nd2 Rd7 25. Ne4 Kg7 26. Ng5 Bf5 27. g4 h6 28. gxf5 hxg5 29. Qxe5+ Qxe5 30. Rxe5 Nxf5 31. Rae1 Rad8 32. Bh3 Rd2 33. Bxf5 gxf5 34. R1e2 R8d5 35. Rxd2 Rxd2 36. b4 Kf6 37. Rc5 Rc2 38. f4 gxf4 39. h4 f3 40. b5 axb5 41. Rxb5 Rxc3 42. Rxb7 Rc5 43. a6 Ra5 44. a7 Ra2 45. Kf1 Kg6 46. Rc7 f6 47. Rc4 Rxa7 48. Kf2 Ra3 49. Rf4 Ra5 50. Rxf3 Ra4 51. Kg3 Rg4+ 52. Kh3 Rg1 53. Rg3+ Rxg3+ 1/2-1/2

[Event "SLO-ch U20"]
[Site "Pohorje"]
[Date "2010.06.26"]
[Round "2"]
[White "Mitrovic, Boris"]
[Black "Markoja, Sebastijan"]
[Result "1-0"]
[WhiteElo "2165"]
[BlackElo "1849"]
[PlyCount "85"]
[EventDate "2010.06.25"]
[EventType "swiss"]
[EventRounds "7"]
[EventCountry "SLO"]
[SourceTitle "CBM 137 Extra"]
[Source "ChessBase"]
[SourceDate "2010.09.01"]
[SourceVersion "1"]
[SourceVersionDate "2010.09.01"]
[SourceQuality "1"]

1. e4 c5 2. Nf3 d6 3. d4 cxd4 4. Nxd4 Nf6 5. Nc3 a6 6. Be3 e5 7. Nf3 Qc7 8. a4 h6 9. a5 Be6 10. Be2 Be7 11. 0-0 0-0 12. Nd5 Nxd5 13. exd5 Bf5 14. c4 Nd7 15. b4 Bg6 16. Nd2 Bg5 17. Bxg5 hxg5 18. Qb3 Qd8 19. Rfc1 Rc8 20. Qa3 Qe7 21. Rc3 Rc7 22. Nb3 Rfc8 23. Rac1 Nf6 24. Rd1 g4 25. c5 Ne4 26. Rcc1 f5 27. Nd2 Nxd2 28. Rxd2 Bf7 29. Rdd1 Be8 30. h3 gxh3 31. Qxh3 Qf6 32. c6 g6 33. cxb7 Rxc1 34. bxc8Q Rxc8 35. Bxa6 Rb8 36. Qc3 Qh4 37. b5 Qa4 38. Ra1 Qe4 39. Qc7 Qd4 40. Rc1 Qd2 41. b6 e4 42. Rf1 e3 43. Qxb8 1-0

[Event "British Universities-ch"]
[Site "Oxford"]
[Date "2010.02.28"]
[Round "4.5"]
[White "Russell, Christopher"]
[Black "Mitrovic, Boris"]
[Result "1/2-1/2"]
[WhiteElo "2005"]
[BlackElo "2117"]
[PlyCount "99"]
[EventDate "2010.02.27"]
[EventType "team-swiss"]
[EventRounds "5"]
[EventCountry "ENG"]
[SourceTitle "EXT 2023"]
[Source "ChessBase"]
[SourceDate "2022.10.05"]
[SourceVersion "1"]
[SourceVersionDate "2022.10.05"]
[SourceQuality "1"]
[WhiteTeam "Warwick"]
[BlackTeam "Edinburgh"]
[WhiteTeamCountry "ENG"]
[BlackTeamCountry "SCO"]

1. e4 c5 2. c3 Nf6 3. e5 Nd5 4. g3 d6 5. exd6 e6 6. Bg2 Bxd6 7. Nf3 0-0 8. 0-0 Nc6 9. d4 cxd4 10. Nxd4 Nxd4 11. Qxd4 Qc7 12. Nd2 Bd7 13. Ne4 Bb5 14. Rd1 Be5 15. Qc5 Ba4 16. Qxc7 Bxc7 17. Re1 Rfd8 18. Nc5 Bc6 19. Bg5 Re8 20. Rad1 h6 21. Bc1 Bb6 22. Nxb7 Bxb7 23. c4 Rad8 24. cxd5 Bxd5 25. b3 Bxg2 26. Kxg2 Rc8 27. Be3 Rc2 28. Bxb6 axb6 29. Rd6 Rxa2 30. Rxb6 Rd8 31. Re3 Rdd2 32. Rf3 e5 33. Rb8+ Kh7 34. Rxf7 e4 35. Re8 Re2 36. Ree7 e3 37. Rxg7+ Kh8 38. Rgf7 Rxf2+ 39. Rxf2 Rxf2+ 40. Kg1 Re2 41. g4 Kg8 42. h3 Kh8 43. Kf1 Rf2+ 44. Ke1 Rf3 45. Ke2 Rxh3 46. Rxe3 Rh4 47. Kf3 Kg7 48. b4 Rh1 49. Re4 Kf6 50. Kg2 1/2-1/2

[Event "SLO-chT2 Ost"]
[Site "Maribor"]
[Date "2009.09.05"]
[Round "6"]
[White "Turicnik, Vlado"]
[Black "Mitrovic, Boris"]
[Result "1/2-1/2"]
[WhiteElo "2032"]
[BlackElo "2006"]
[PlyCount "80"]
[EventDate "2009.05.30"]
[EventType "team-tourn"]
[EventRounds "9"]
[EventCountry "SLO"]
[SourceTitle "EXT 2022"]
[Source "ChessBase"]
[SourceDate "2021.10.06"]
[SourceVersion "1"]
[SourceVersionDate "2021.10.06"]
[SourceQuality "1"]

1. e4 d5 2. exd5 Qxd5 3. Nc3 Qa5 4. Bc4 Nf6 5. d3 c6 6. Bd2 Qc7 7. h3 e6 8. Qf3 Nbd7 9. Qe2 Be7 10. Nf3 b5 11. Bb3 Nc5 12. d4 Nxb3 13. axb3 Bb7 14. 0-0 0-0 15. Rfe1 a6 16. Nd1 c5 17. dxc5 Bxc5 18. b4 Bb6 19. Be3 Nd5 20. Bxb6 Qxb6 21. c3 Nf4 22. Qe3 Qxe3 23. Rxe3 Rfd8 24. h4 Rd6 25. g3 Rad8 26. Nd4 Nd5 27. Re1 Nxb4 28. Nxb5 axb5 29. cxb4 Rd4 30. Nc3 Rxb4 31. Re5 Rxb2 32. Rxb5 Rxb5 33. Nxb5 h5 34. Nc3 Bf3 35. Re1 Rd3 36. Re3 Rxe3 37. fxe3 Kf8 38. Kf2 Bc6 39. Ne2 e5 40. Nc3 Ke7 1/2-1/2

[Event "SLO-chT U20"]
[Site "Nova Gorica"]
[Date "2009.08.27"]
[Round "9"]
[White "Mitrovic, Boris"]
[Black "Plaskan, Jure"]
[Result "1/2-1/2"]
[WhiteElo "2172"]
[BlackElo "2187"]
[PlyCount "29"]
[EventDate "2009.08.22"]
[EventType "team-tourn"]
[EventRounds "9"]
[EventCountry "SLO"]
[SourceTitle "CBM 132 Extra"]
[Source "ChessBase"]
[SourceDate "2009.11.03"]
[SourceVersion "1"]
[SourceVersionDate "2009.11.03"]
[SourceQuality "1"]

1. e4 c5 2. Nf3 d6 3. d4 Nf6 4. Nc3 cxd4 5. Nxd4 a6 6. Bg5 e6 7. f4 Nc6 8. Nxc6 bxc6 9. e5 h6 10. Bh4 g5 11. fxg5 Nd5 12. Ne4 Qb6 13. c3 Qxb2 14. Rb1 Qxa2 15. Ra1 1/2-1/2

[Event "SLO-chT U20"]
[Site "Nova Gorica"]
[Date "2009.08.24"]
[Round "4"]
[White "Bucar, Natasa"]
[Black "Mitrovic, Boris"]
[Result "1/2-1/2"]
[WhiteElo "1988"]
[BlackElo "2172"]
[PlyCount "31"]
[EventDate "2009.08.22"]
[EventType "team-tourn"]
[EventRounds "9"]
[EventCountry "SLO"]
[SourceTitle "CBM 132 Extra"]
[Source "ChessBase"]
[SourceDate "2009.11.03"]
[SourceVersion "1"]
[SourceVersionDate "2009.11.03"]
[SourceQuality "1"]

1. d4 f5 2. g3 Nf6 3. Bg2 g6 4. Nf3 Bg7 5. 0-0 0-0 6. c4 d6 7. Nc3 Qe8 8. d5 Na6 9. Rb1 Bd7 10. Nd4 c6 11. dxc6 bxc6 12. b4 Nxb4 13. Rxb4 c5 14. Rb1 cxd4 15. Bxa8 dxc3 16. Bg2 1/2-1/2

[Event "SLO-chT U20"]
[Site "Nova Gorica"]
[Date "2009.08.23"]
[Round "3"]
[White "Mitrovic, Boris"]
[Black "Titan, Matej"]
[Result "1/2-1/2"]
[WhiteElo "2172"]
[BlackElo "1974"]
[PlyCount "74"]
[EventDate "2009.08.22"]
[EventType "team-tourn"]
[EventRounds "9"]
[EventCountry "SLO"]
[SourceTitle "CBM 132 Extra"]
[Source "ChessBase"]
[SourceDate "2009.11.03"]
[SourceVersion "1"]
[SourceVersionDate "2009.11.03"]
[SourceQuality "1"]

1. e4 c5 2. Nf3 d6 3. d4 cxd4 4. Nxd4 Nf6 5. Nc3 a6 6. Be3 e5 7. Nf3 Be7 8. Bc4 0-0 9. 0-0 Nc6 10. Re1 Be6 11. Nd5 Bxd5 12. exd5 Nb8 13. a4 Nbd7 14. a5 Rc8 15. Bf1 Ne8 16. Nd2 Bg5 17. c4 f5 18. f3 Bxe3+ 19. Rxe3 Qg5 20. Rc3 Nef6 21. b4 Nh5 22. Nb3 Nf4 23. Kh1 Nf6 24. Rac1 N6h5 25. g3 Ng6 26. Nd2 Nf6 27. c5 Kh8 28. Nc4 dxc5 29. Nxe5 Nxe5 30. f4 Ne4 31. R3c2 Qf6 32. fxe5 Qxe5 33. d6 Nxd6 34. bxc5 Ne4 35. Qe1 Rfd8 36. Bg2 Qd4 37. Rc4 Nf2+ 1/2-1/2